1261 1252 1619 1909 1789 1079 1253 1221 1319 1892 1717 1482 1422 1960 1938 1815 1436 1442 1916 1895 1343 1627 1514 1444 1907 1304 1234 1015 1188 1826 1749 1326 1707 1240 1119 1326 1109 1059 1802 1457 1839 1332 1548 1730 1321 1864 1195 1255 1959 1524 1630 1540 1805 1364 1103 1316 1582 1015 1996 1868 1301 1387 1922 1398 1137 1959 1773 1507 1098 1183 1692 1143 1147 1404 1905 1461 1003 1703 1490 1807 1022 1395 1263 1372 1774 1564 1055 1739 1867 1346 1415 1978 1655 1344 1781 1773 1916 1598 1070 BCNSPRNW ULIB Ver.6.0+V

เปลี่ยนเป็นภาษาไทย

Change to English
 แสดงรายละเอียดบรรณานุกรม
  กลับหน้าหลัก

Brief Record : Get Marc (ISO 2709) : E-mail record : QR code < ปิดหน้าต่าง
LEADER : 00000nam 2200000uu 4500
001    13399127002
003     ULIB
008    190927s2561||||th 000 0 tha d
020    ^a9789740334927
050    ^aLB2806.15ณ312ก
100    ^aณัฏฐกรณ์ หลาวทอง
245    ^aการสร้างเครื่องมือการวิจัยทางการศึกษา
250    ^aพิมพ์ครั้งที่ 2
260    ^aกรุงเทพฯ :^bแห่งจุฬาลงกรณ์มหาวิทยาลัย,^c2561
300    ^a140 หน้า;^b26 ซม.
650    ^aการศึกษา^xวิจัย
650    ^aแบบสอบถาม
945    ^p180^l0^i006172
945    ^p180^l0^i006173
945    ^p180^l0^i006174
945    ^p180^l0^i006176
945    ^p180^l0^i006168
945    ^p180^l0^i006169
945    ^p180^l0^i006170
945    ^p180^l0^i006171
945    ^p180^l0^i006177
945    ^p180^l0^i006175
999    ^aประนอม เกษจรัล
รายการนี้ยังไม่มีแท็ก
คุณยังไม่ได้ล็อกอิน คุณสามารถมีกิจกรรมร่วมกับเว็บไซต์ได้ แต่ต้องล็อกอินก่อน ::
  ล็อกอิน

รายการสื่อสารสนเทศ

ลำดับที่ ประเภท เลขเรียก/บาร์โค้ด สถานที่ สถานะ
1. การศึกษาทั่วไป
หนังสือสำรอง
สถานะ=หนังสือสำรอง
LB2806.15ณ312ก ฉ.1 
  Barcode: 006168
ห้องสมุดวิทยาเขตสวรรค์ประชารักษ์
►หนังสือทั่วไป
บนชั้น
2. การศึกษาทั่วไป
การศึกษาทั่วไป
LB2806.15ณ312ก ฉ.10 
  Barcode: 006177
ห้องสมุดวิทยาเขตสวรรค์ประชารักษ์
►หนังสือทั่วไป
บนชั้น
3. การศึกษาทั่วไป
การศึกษาทั่วไป
LB2806.15ณ312ก ฉ.2 
  Barcode: 006169
ห้องสมุดวิทยาเขตสวรรค์ประชารักษ์
►หนังสือทั่วไป
บนชั้น
4. การศึกษาทั่วไป
การศึกษาทั่วไป
LB2806.15ณ312ก ฉ.3 
  Barcode: 006170
ห้องสมุดวิทยาเขตสวรรค์ประชารักษ์
►หนังสือทั่วไป
บนชั้น
5. การศึกษาทั่วไป
การศึกษาทั่วไป
LB2806.15ณ312ก ฉ.4 
  Barcode: 006171
ห้องสมุดวิทยาเขตสวรรค์ประชารักษ์
►หนังสือทั่วไป
บนชั้น
6. การศึกษาทั่วไป
การศึกษาทั่วไป
LB2806.15ณ312ก ฉ.5 
  Barcode: 006172
ห้องสมุดวิทยาเขตสวรรค์ประชารักษ์
►หนังสือทั่วไป
บนชั้น
7. การศึกษาทั่วไป
การศึกษาทั่วไป
LB2806.15ณ312ก ฉ.6 
  Barcode: 006173
ห้องสมุดวิทยาเขตสวรรค์ประชารักษ์
►หนังสือทั่วไป
บนชั้น
8. การศึกษาทั่วไป
การศึกษาทั่วไป
LB2806.15ณ312ก ฉ.7 
  Barcode: 006174
ห้องสมุดวิทยาเขตสวรรค์ประชารักษ์
►หนังสือทั่วไป
บนชั้น
9. การศึกษาทั่วไป
การศึกษาทั่วไป
LB2806.15ณ312ก ฉ.8 
  Barcode: 006175
ห้องสมุดวิทยาเขตสวรรค์ประชารักษ์
►หนังสือทั่วไป
บนชั้น
10. การศึกษาทั่วไป
การศึกษาทั่วไป
LB2806.15ณ312ก ฉ.9 
  Barcode: 006176
ห้องสมุดวิทยาเขตสวรรค์ประชารักษ์
►หนังสือทั่วไป
บนชั้น

รายการใกล้เคียง
    ชื่อเรื่อง [การสร้างเครื่องมือการวิจัยทางการศึกษา]

    ผู้แต่ง [ณัฏฐกรณ์ หลาวทอง]

    หัวเรื่อง [แบบสอบถาม]

BibComment


ยังไม่เคยถูกคอมเมนท์

คอมเมนท์ทรัพยากรรายการนี้
  คอมเมนท์: การสร้างเครื่องม..


 Copyright 2026. Bcnsprnw @Library